| 000 | 00664nam a2200205 a 4500 | ||
|---|---|---|---|
| 001 | BRCA_3971 | ||
| 005 | 20190320204510.0 | ||
| 008 | 140110s1922----gw-a######---#000-0#ger-# | ||
| 041 | _ager | ||
| 044 | _agw | ||
| 050 | 4 |
_aDD16 _b.K87 1922 |
|
| 245 | 1 | 0 | _aKursbuch fürs Reich mit Auslandsverbindungen. |
| 260 |
_aLeipzig _bA. Bleichert _c1922 |
||
| 300 |
_a540 p. _bil. _c19 cm. _e1 mapa plegable |
||
| 500 | _aEstado físico: presenta cubierta desprendida, 1 hoja suelta, p. 541-542. Ejemplar incompleto, faltan últimas páginas | ||
| 500 | _aCDE47 | ||
| 651 | 4 |
_aAlemania _vGuías de viajeros _xDescripción y viajes _910327 |
|
| 902 | _aGFM | ||
| 942 |
_2lcc _cB |
||
| 999 |
_c3698 _d3698 |
||